| 000 | 00804nam a22002417a 4500 | ||
|---|---|---|---|
| 005 | 20231130144544.0 | ||
| 010 | _aENG-138495 | ||
| 020 |
_a9789393330543 _c575.00 |
||
| 035 | _aEN-122027 | ||
| 037 | _aDBAD/PUB | ||
| 082 |
_a574 _2First |
||
| 100 |
_aJha, Abhimanyu _959261 |
||
| 245 |
_aBiology Foundation For Class X/ _cBy Abhimanyu Jha...[et.al] |
||
| 250 | _aFIrst | ||
| 260 |
_aHyderabad _bUniversities Press _c2015 |
||
| 270 |
_a3-6-747/1/A & 3-6-754/1 Himayatnagar _bHyderbad _e500029 |
||
| 300 |
_avpp. _b26cm(pbk) _cill. |
||
| 500 | _a Includes bibliographical references and index | ||
| 700 |
_dVelramar, Balasubramanian _aAuthor _959258 |
||
| 700 |
_dAwasthi, Archana _aAuthor _959259 |
||
| 700 |
_dGupta, Saurabh _aAuthor _959260 |
||
| 942 |
_2ddc _cEN _mJHA _h574 _eFirst |
||
| 999 |
_c199337 _d199337 |
||